Introduction to the theory of statistics / (Record no. 538)
[ view plain ]
| 000 -LEADER | |
|---|---|
| fixed length control field | 00801nam a22002412 4500 |
| 001 - CONTROL NUMBER | |
| control field | 0000004402 |
| 005 - DATE AND TIME OF LATEST TRANSACTION | |
| control field | 20151021151103.0 |
| 008 - FIXED-LENGTH DATA ELEMENTS--GENERAL INFORMATION | |
| fixed length control field | 070523s xx 000 0 eng d |
| 020 ## - INTERNATIONAL STANDARD BOOK NUMBER | |
| International Standard Book Number | 0070445206 : |
| Terms of availability | KES 470 |
| 040 ## - CATALOGING SOURCE | |
| Original cataloging agency | KABU |
| Transcribing agency | KABU |
| 050 #0 - LIBRARY OF CONGRESS CALL NUMBER | |
| Classification number | QA276 |
| Item number | .A2M66 2001 |
| 100 1# - MAIN ENTRY--PERSONAL NAME | |
| Personal name | Mood, Alexander M. |
| -- | 0000160476 |
| 245 10 - TITLE STATEMENT | |
| Title | Introduction to the theory of statistics / |
| Statement of responsibility, etc. | Alexander M. Mood, Franklin A. Graybill, Duane C. Boes. |
| 250 ## - EDITION STATEMENT | |
| Edition statement | 3rd ed. |
| 260 ## - PUBLICATION, DISTRIBUTION, ETC. (IMPRINT) | |
| Place of publication, distribution, etc. | New Delhi : |
| Name of publisher, distributor, etc. | Tata McGraw-Hill, |
| Date of publication, distribution, etc. | 2001. |
| 300 ## - PHYSICAL DESCRIPTION | |
| Extent | xvi, 564 p. |
| 650 #0 - SUBJECT ADDED ENTRY--TOPICAL TERM | |
| Topical term or geographic name as entry element | Statistics. |
| -- | 0000149871 |
| 700 1# - ADDED ENTRY--PERSONAL NAME | |
| Personal name | Graybill, Frank A. |
| -- | 0000160477 |
| 908 ## - PUT COMMAND PARAMETER (RLIN) | |
| Put command parameter | 070523 |
| 950 ## - LOCAL HOLDINGS (RLIN) | |
| -- | 1 |
| Withdrawn status | Lost status | Source of classification or shelving scheme | Not for loan | Home library | Current library | Date acquired | Total Checkouts | Full call number | Barcode | Date last seen | Price effective from | Koha item type | Date last checked out | Total Renewals |
|---|---|---|---|---|---|---|---|---|---|---|---|---|---|---|
| Library of Congress Classification | Kabarak, Main Campus | Kabarak, Main Campus | 17/12/2015 | 4 | QA276 .A2M66 2001 c. 1 | 008490 | 29/10/2019 | 17/12/2015 | General Collection | 15/10/2019 | ||||
| Library of Congress Classification | Kabarak, Main Campus | Kabarak, Main Campus | 17/12/2015 | 4 | QA276 .A2M66 2001 c. 2 | 008491 | 17/12/2019 | 17/12/2015 | General Collection | 23/11/2019 | ||||
| Library of Congress Classification | Kabarak, Main Campus | Kabarak, Main Campus | 17/12/2015 | 5 | QA276 .A2M66 2001 c. 3 | 008492 | 17/02/2025 | 17/12/2015 | General Collection | 30/01/2025 | 1 | |||
| Library of Congress Classification | Kabarak, Main Campus | Kabarak, Main Campus | 17/12/2015 | 6 | QA276 .A2M66 2001 c. 4 | 008493 | 02/04/2024 | 17/12/2015 | General Collection | 21/03/2024 | 1 | |||
| Library of Congress Classification | Kabarak, Main Campus | Kabarak, Main Campus | 17/12/2015 | 5 | QA276 .A2M66 2001 c. 7 | 008758 | 21/11/2019 | 17/12/2015 | General Collection | 08/11/2019 | ||||
| Library of Congress Classification | Kabarak, Main Campus | Kabarak, Main Campus | 17/12/2015 | 2 | QA276 .A2M66 2001 c. 8 | 008759 | 25/10/2019 | 17/12/2015 | General Collection | 08/10/2019 | ||||
| Library of Congress Classification | Kabarak, Main Campus | Kabarak, Main Campus | 17/12/2015 | 6 | QA276 .A2M66 2001 c. 9 | 009221 | 04/12/2019 | 17/12/2015 | General Collection | 19/11/2019 | 1 | |||
| Library of Congress Classification | Kabarak, Main Campus | Kabarak, Main Campus | 17/12/2015 | 7 | QA276 .A2M66 2001 c. 6 | 006807 | 28/11/2019 | 17/12/2015 | General Collection | 13/11/2019 | ||||
| Library of Congress Classification | Kabarak, Nakuru City Campus | Kabarak, Nakuru City Campus | 21/10/2015 | QA276 .A2M66 2001 c. 1 | 006039 | 21/10/2015 | 21/10/2015 | General Collection | ||||||
| Library of Congress Classification | Kabarak, Nakuru City Campus | Kabarak, Nakuru City Campus | 21/10/2015 | QA276 .A2M66 2001 c. 2 | 003137 | 21/10/2015 | 21/10/2015 | General Collection |